Творения (Запись № 6184430)

Подробности
000 -МАРКЕР
контрольное поле 01420nam1a22003131i 4500
001 - ИДЕНТИФИКАТОР ЗАПИСИ
контрольное поле RU\NLR\19V\932168
005 - ИДЕНТИФИКАТОР ВЕРСИИ
контрольное поле 20260406162645.0
035 ## - ДРУГИЕ СИСТЕМНЫЕ НОМЕРА
Идентификатор записи (NLR Aleph) 005290403
100 ## - ДАННЫЕ ОБЩЕЙ ОБРАБОТКИ
Данные общей обработки 20110124d1914 u||y0rusy50 ca
101 0# - ЯЗЫК РЕСУРСА
Язык текста, звукозаписи и т.д. русский
102 ## - СТРАНА ПУБЛИКАЦИИ ИЛИ ПРОИЗВОДСТВА
Страна публикации российская федерация
105 ## - ПОЛЕ КОДИРОВАННЫХ ДАННЫХ: ТЕКСТОВЫЕ МАТЕРИАЛЫ, МОНОГРАФИЧЕСКИЕ
Кодированные данные о монографическом текстовом документе a zr |||g|
135 ## - ПОЛЕ КОДИРОВАННЫХ ДАННЫХ: ЭЛЕКТРОННЫЕ РЕСУРСЫ
Кодированные данные для электронного ресурса crmn mmmaaada
200 1# - ЗАГЛАВИЕ И СВЕДЕНИЯ ОБ ОТВЕТСТВЕННОСТИ
Основное заглавие Творения
Первые сведения об ответственности Велемир Владимирович Хлебников
Последующие сведения об ответственности [рис. В. и Д. Бурлюков]
210 ## - ПУБЛИКАЦИЯ, РАСПРОСТРАНЕНИЕ И ДР.
Место издания, распространения и т.д. Москва
Имя издателя, распространителя и т. д. "Первый журнал русских футуристов"
Дата издания, распространения и т.д. 1914
215 ## - ФИЗИЧЕСКАЯ ХАРАКТЕРИСТИКА
Размеры 20
225 1# - СЕРИЯ
Основное заглавие серии Футуристы "Гилэя"
Сведения, относящиеся к заглавию Виктор Хлебников, Вл. Маяковский, Д., Н., В. Бурлюки, А. Крученых, В. Лившиц
700 #1 - ИМЯ ЛИЦА - ПЕРВИЧНАЯ ОТВЕТСТВЕННОСТЬ
Материалы, к которым относится поле rus
Графика поля Кириллица
Начальный элемент ввода Хлебников
Часть имени, кроме начального элемента ввода В.
Даты 1885-1922
Расширение инициалов личного имени Велимир
Идентификатор авторитетной/нормативной записи RU\NLR\AUTH\779596
Системный номер авторитетной/нормативной записи 119416
702 #1 - ИМЯ ЛИЦА - ВТОРИЧНАЯ ОТВЕТСТВЕННОСТЬ
Код отношения Иллюстратор
Материалы, к которым относится поле rus
Графика поля Кириллица
Начальный элемент ввода Бурлюк
Часть имени, кроме начального элемента ввода В. Д.
Дополнения к именам, кроме дат художник
Даты 1886-1917
Расширение инициалов личного имени Владимир Давидович
Идентификатор авторитетной/нормативной записи RU\NLR\AUTH\7784613
Системный номер авторитетной/нормативной записи 67541
702 #1 - ИМЯ ЛИЦА - ВТОРИЧНАЯ ОТВЕТСТВЕННОСТЬ
Код отношения Иллюстратор
-- Автор введения, предисловия, примечания и т.п.
Материалы, к которым относится поле rus
Графика поля Кириллица
Начальный элемент ввода Бурлюк
Часть имени, кроме начального элемента ввода Д. Д.
Даты 1882-1967
Расширение инициалов личного имени Давид Давидович
Идентификатор авторитетной/нормативной записи RU\NLR\AUTH\7784351
Системный номер авторитетной/нормативной записи 67279
801 #0 - ИСТОЧНИК ЗАПИСИ
Страна российская федерация
Организация NLR
Дата составления 20110124
Правила каталогизации psbo
801 #1 - ИСТОЧНИК ЗАПИСИ
Страна российская федерация
Организация NLR
Дата составления 20110124
Источник данных rusmarc
801 #2 - ИСТОЧНИК ЗАПИСИ
Страна российская федерация
Организация NLR
Дата составления 20110124
Источник данных rusmarc
852 ## - МЕСТОНАХОЖДЕНИЕ И ШИФР ХРАНЕНИЯ
Идентификатор организации NLR
Шифр хранения (Call Number) Л30 В-3/239 (1)
852 ## - МЕСТОНАХОЖДЕНИЕ И ШИФР ХРАНЕНИЯ
Идентификатор организации NLR
Наименование фонда или коллекции (Sub-Location Identifier) Мф
Шифр хранения (Call Number) К1/2123 (1)
942 ## - ДОПОЛНИТЕЛЬНЫЕ ЭЛЕМЕНТЫ ЗАПИСИ (АБИС)
Тип экземпляра АБИС Книга
981 39 - КОЛЛЕКЦИЯ ЭЛЕКТРОННОЙ БИБЛИОТЕКИ
Название коллекции Русский авангард

Нет доступных экземпляров.